| 000 | 01144cam a22003257a 4500 | ||
|---|---|---|---|
| 003 | CHAP | ||
| 005 | 20220329134038.0 | ||
| 008 | 971013s1983 r 00010 d | ||
| 010 | _a14588 | ||
| 011 | _a15560 | ||
| 035 | _a19636 | ||
| 040 | _cCHAP | ||
| 090 | _aTesis | ||
| 100 | 0 | 0 |
_aHernández Moreno, José Francisco. _954385 |
| 245 | 1 | 3 | _aEl parásito Trichogrmma spp. westwood, en reproducción masiva en laboratorio y normas para evaluar su calidad biológica |
| 260 |
_aMarín, N.L. : _bEL Autor, _c1983 |
||
| 300 |
_a43 h. _b: ilus. ; mapas |
||
| 502 | _aTesis (Ing. Agrónomo Parasitólogo) -- Univ. Autónoma de Nuevo León. Fac. de Agronomía | ||
| 590 |
_aALEPH _b10 _c20130110 _lUCH01 _h1236 |
||
| 590 |
_aBATCH-UPD _b10 _c20130110 _lUCH01 _h0123 |
||
| 590 |
_aBATCH-UPD _b10 _c20130110 _lUCH01 _h2311 |
||
| 590 |
_aBATCH-UPD _b10 _c20130410 _lUCH01 _h1603 |
||
| 590 |
_aBATCH-UPD _b10 _c20130914 _lUCH01 _h1646 |
||
| 590 |
_aCONVERSION _b10 _c20130109 _lUCH01 _h1309 |
||
| 650 | 1 | 4 |
_aInsectos _xReproducción. _958940 |
| 650 | 1 | 4 |
_aTrichogramma. _9114927 |
| 901 | _aBK | ||
| 942 | _cTESIS | ||
| 949 |
_bBC _cTES _d-45812 _eTS1 _i19636 _si |
||
| 999 |
_c14588 _d14588 |
||